| 000 | 00380 a2200157 4500 | ||
|---|---|---|---|
| 001 | 160227 | ||
| 020 | _a | ||
| 040 | _cMagnum | ||
| 100 | _aTelles, Carlos Queiroz | ||
| 240 | 1 | 0 |
_aZe pretim seu crispim luizim e o cachorro porreta _lpor |
| 245 | 1 | 0 | _aZe pretim seu crispim luizim e o cachorro porreta |
| 362 | 0 | _a1899 | |
| 440 | 1 | _aFTD | |
| 697 | _aIJ/ANIMAIS | ||
| 942 | _cBK | ||
| 999 |
_c160227 _d160227 |
||